MDQL
is popping MORE tags! Check the
thread
!
Quizzes
Events
Quiz Creation
Community
Videos
Private Events
Remove Ads
Sign In
Join for FREE
Feedback
Dark Mode
Quiz Categories
Sports
Geography
Music
Movies
Television
Just For Fun
Miscellaneous
History
Literature
Language
Science
Gaming
Entertainment
Religion
Holiday
For Kids
Quiz Lab
Recent
Popular Today
Quiz Kudos Today
Editor Picks
Curator Picks
Quizzes by...
Day
Popularity
Type
Ratings
Length
Year
Community
Subscriptions
Recent Discussions
Orange Saloon
Badges
Playlists
Quests
Create
Leaderboards
Showdown
Live 5
Trivia Bingo
Activity
Puzzle Library
Sporcle Events
Private Events
Virtual Trivia
Globe League
Become a Host
Pub Owners
SporcleCon
Opinionation
Our Games
Videos
Blog
Mobile Apps
Partnerships
Remove Ads and Go Orange
Feedback
Miscellaneous
Crossword
General Knowledge
Baby Names
Logo
Food
Cars
Numbers
Grab Bag
University
College
Popular
Company
Slogans
Restaurants
Justice
Letter
Miscellaneous
Crossword
General Knowledge
Baby Names
Logo
Food
Cars
Numbers
Grab Bag
University
College
Popular
Company
Slogans
Restaurants
Justice
Letter
Random Quiz
Search Sporcle
×
Quiz Lab
Quiz Lab
Miscellaneous
Authority
Type in answers that appear in a list
Type in answers that appear in a list
Classic
Best Score? Go Orange.
CTA Green Line Stats
Can you name the CTA Green Line stations?
By
jarretttate
5m
30 Questions
210 Plays
210 Plays
210 Plays
Comments
Comments
Give Quiz Kudos
Give Quiz Kudos
-
- Ratings
hide this ad
Replay
Link that replays current quiz
Next Quiz
Link to next quiz in quiz playlist
You Got
0%
They Got
Avg Score
82%
Avg Friend Score
Upgrade to see
Score Distribution
Jump to the score distribution portion of the page
Score
0/30
Timer
05:00
0
Plays Today
% Correct
Oak Park
93.3%
Ashland
93.3%
Clark/Lake
89.4%
State/Lake
87.5%
35th-Bronzeville-IIT
87.5%
Cottage Grove
87%
Roosevelt
86.5%
Harlem/Lake
86.1%
Clinton
85.6%
Garfield
84.6%
Cicero
83.7%
Adams/Wabash
83.7%
Austin
83.2%
Pulaski
83.2%
Central
82.7%
% Correct
Conservatory-Central Park Drive
82.7%
47th
82.2%
Cermak-McCormick Place
82.2%
Morgan
82.1%
Kedzie
81.7%
Washington/Wabash
81.3%
Indiana
81.3%
Ridgeland
80.3%
California
80.3%
51st
79.3%
43rd
78.8%
Ashland/63rd
77.9%
King Drive
77.4%
Halsted
76.9%
Laramie
73.6%
Quiz Playlist
Details
Report
Send in Message
Add To Playlist
Classic:
Type in answers that appear in a list
Quiz Source
Last Updated: Feb 16, 2017
Quiz Scoreboard
CHALLENGE
Sign Up to Join the Scoreboard
Show All
Scores
Hide
Comments
May contain spoilers
Recently Published
Famous 'C' Women
by xyz_
Entertainment
6m
Holiday 10x10 Sorting Gallery
by lukepisani3
Holiday
15m
Two Season TV Shows II
by 123Four
Television
10m
More to Explore
Quiz From the Vault
Featured Blog Post
14 Easter Pick-up Lines to Find Eggs With
hide this ad
You Might Also Like...
Tags
Authority
chicago
green
rail
Rail Stations
station
train
Train Stations
transit
Transit Lines
Today's Top Quizzes in Miscellaneous
Browse Miscellaneous
hide this ad
Top Contributed Quizzes in Miscellaneous
1
The JOE quick-fire general knowledge quiz: Day 174
2
9x9 Crossword: Disney Movie Titles
3
The JOE quick-fire general knowledge quiz: Day 173
4
5-to-1: Fast Food
5
9x9 Crossword: Charlie and the Chocolate Factory
6
9x9 Crossword: The Simpsons
7
9x9 Crossword: Flags
8
9x9 Crossword: 2022 Movies
9
9x9 Crossword: Actors
10
9x9 Crossword: Halloween
Explore More
Trending Topics
Marvel
Kpop
Disney
Crossword
Harry Potter
Anime
NBA
The Office
Soccer
WWE
Country
Pokémon
Song
Puzzle
NFL
hide this ad
More By:
jarretttate
Quiz
Plays
Rating
Category
Featured
Created
CTA Red Line
639
4.50
Miscellaneous
Apr 4, 2010
Sight & Sound Critics' Top Ten Polls 1952-2012
585
4.86
Movies
Aug 2, 2012
CTA Blue Line
464
4.25
Miscellaneous
Apr 5, 2010
CTA Brown Line
334
5.00
Miscellaneous
Apr 5, 2010
Sight & Sound Directors' Top Ten Polls 1992-2012
274
4.60
Movies
Aug 2, 2012
Go to Creator's Profile
Score Distribution
Quiz Creator Spotlight
jarretttate
Follow
Send a Message
Quizzes Created
-
Created Quiz Play Count
-
More By This Creator
Popular Quizzes Today
1
Find the US States - No Outlines Minefield
2
Colored Red Africa Blitz
3
Find the 'City' Movie
4
The Countries of the World
5
Find the US States
6
5x2 Blitz: Bands
7
Find the Countries of Europe - No Outlines Minefield
8
US States
More Miscellaneous Quizzes
'The Price Is Right' Meets Trivia
Published
Trending Quizzes
Colored Red Europe Blitz I
Colored Red Europe Blitz II
Colored Red Africa Blitz II
Colored Red Africa Blitz III
Colored Red Europe Blitz III
Recently Updated
Odd Team Out - Big 4 Players
pecheneg
Quick Pick: 20 Twenties
pecheneg
March Madness Men's Triple Doubles
pecheneg
How Do You Spell That?
pecheneg
Godzilla Movies
pecheneg
Grab Bag: 4-10 Letters
pecheneg
2024 March Madness Bracket
pecheneg
Famous TV Couples
Peacemaker
Champions League XIs: Real Madrid
pecheneg
Largest US Cities 1790-2010
pecheneg
Trending Topics
Harry Potter
Marvel
Disney
Kpop
Crossword
NBA
Anime
The Office
Song
Pokémon
WWE
NFL
Country
Puzzle
Soccer
Your Account Isn't Verified!
In order to create a playlist on Sporcle, you need to verify the email address you used during registration. Go to your
Sporcle Settings
to finish the process.
Report this User
Report this user for behavior that violates our
Community Guidelines
.
Details:
Send Report
Go to the Sporcle.com Mobile Site →
Comments